Statistics for Top 10 Sunflower Oil Producing Countries

Click here to take the quiz!

General Stats

  • This quiz has been taken 88 times
  • The average score is 8 of 10

Answer Stats

Metric TonsCountry% Correct
41,040,970Russia
94%
6,442,000United States
90%
9,684,368China
89%
38,908,246Ukraine
85%
11,938,682France
81%
7,109,400India
80%
11,787,439Turkey
76%
10,233,533Spain
74%
34,209,161Argentina
59%
6,983,737Romania
51%

Score Distribution

Percentile by Number Answered

Percent of People with Each Score

Your Score History

You have not taken this quiz